🌍 Capitales de l'Afrique. Ordre alphabétique - Statistiques

Statistiques générales
  • Ce quiz a été pris 310 fois
  • Le résultat moyen est 43 sur 56
Statistiques - réponses
Pays Capitale % Correct
🇩🇿 Algérie Alger
96%
🇲🇱 Mali Bamako
93%
🇪🇬 Égypte Le Caire
93%
🇸🇳 Sénégal Dakar
91%
🇩🇯 Djibouti Djibouti
91%
🇬🇭 Ghana Accra
90%
🇲🇦 Maroc Rabat
90%
🇹🇳 Tunisie Tunis
90%
🇲🇬 Madagascar Antananarivo
88%
🇪🇹 Éthiopie Addis-Abeba
87%
🇿🇦 Afrique du Sud (législative) Le Cap
87%
🇨🇬 République du Congo Brazzaville
86%
🇨🇩 Rép. dém. du Congo Kinshasa
86%
🇳🇬 Nigeria Abuja
85%
🇱🇾 Libye Tripoli
85%
🇬🇼 Guinée-Bissau Bissau
84%
🇿🇦 Afrique du Sud (administrative) Pretoria
83%
🇨🇲 Cameroun Yaoundé
83%
🇬🇦 Gabon Libreville
82%
🇸🇹 Sao Tomé-et-Principe Sao Tomé
82%
🇬🇳 Guinée Conakry
81%
🇸🇱 Sierra Leone Freetown
81%
🇦🇴 Angola Luanda
81%
🇧🇫 Burkina Faso Ouagadougou
81%
🇰🇪 Kenya Nairobi
80%
🇹🇬 Togo Lomé
79%
🇨🇮 Côte d'Ivoire Yamoussoukro
79%
🇸🇩 Soudan Khartoum
78%
🇨🇫 République centrafricaine Bangui
76%
🇷🇼 Rwanda Kigali
76%
🇳🇪 Niger Niamey
75%
🇸🇴 Somalie Mogadiscio
73%
🇪🇷 Érythrée Asmara
72%
🇬🇲 Gambie Banjul
72%
🇲🇷 Mauritanie Nouakchott
72%
🇧🇯 Bénin Porto-Novo
72%
🇿🇼 Zimbabwe Harare
71%
🇹🇩 Tchad Ndjamena
71%
🇸🇨 Seychelles Victoria
71%
🇳🇦 Namibie Windhoek
71%
🇿🇲 Zambie Lusaka
70%
🇲🇿 Mozambique Maputo
70%
🇲🇺 Île Maurice Port-Louis
70%
🇺🇬 Ouganda Kampala
68%
🇹🇿 Tanzanie Dodoma
67%
🇧🇼 Botswana Gaborone
67%
🇲🇼 Malawi Lilongwe
67%
🇱🇷 Liberia Monrovia
67%
🇨🇻 Cap-Vert Praia
67%
🇸🇸 Soudan du Sud Djouba
66%
🇰🇲 Comores Moroni
65%
🇱🇸 Lesotho Maseru
63%
🇿🇦 Afrique du Sud (judiciaire) Bloemfontein
62%
🇧🇮 Burundi Gitega
62%
🇸🇿 Eswatini Mbabane
62%
🇬🇶 Guinée équatoriale Malabo
55%
Aucun quiz correspondant
Distribution des résultats
% des personnes avec chaque résultat
Percentile par nombre de réponses
Votre historique - résultats
Vous n’avez pas pris ce quiz